Low cost housing and resident satisfaction in Selangor /
Saved in:
| Main Author: | |
|---|---|
| Format: | Thesis Book |
| Language: | English |
| Subjects: | |
| Tags: |
Add Tag
No Tags, Be the first to tag this record!
|
| LEADER | 01138cam a2200301 i 4500 | ||
|---|---|---|---|
| 001 | u995653 | ||
| 003 | SIRSI | ||
| 005 | 201405201139 | ||
| 008 | 140520s2013 my a t 000 0 eng m | ||
| 040 | |a UMAB |e rda | ||
| 043 | |a a-my-se | ||
| 097 | |a HD1394 |b UM 2013 Mohfm | ||
| 100 | 0 | |a Mohd Fardly Margini | |
| 245 | 1 | 0 | |a Low cost housing and resident satisfaction in Selangor / |c Mohd. Fardly Margini. |
| 264 | 1 | |c 2013 | |
| 264 | 4 | |c 2013 | |
| 300 | |a xiii, 115 leaves : |b illustrations ; |c 30 cm | ||
| 336 | |a text |2 rdacontent | ||
| 337 | |a unmediated |2 rdamedia | ||
| 338 | |a volume |2 rdacarrier | ||
| 502 | |b M.Sc.(Real Est.Mgmt.) |c Jabatan Pengurusan Harta Tanah, Fakulti Alam Bina, Universiti Malaya |d 2013. | ||
| 504 | |a Bibliography: leaves 97-108 | ||
| 650 | 0 | |a Low-income housing |x Resident satisfaction |z Selangor. | |
| 650 | 0 | |a Public housing |x Resident satisfaction |z Selangor. | |
| 710 | 2 | |a Universiti Malaya. |b Jabatan Pengurusan Harta Tanah, |e degree granting institution. | |
| 900 | |a ZA | ||
| 596 | |a 11 | ||
| 999 | |a HD1394 UM 2013 MOHFM |w LC |c 1 |i A515929555 |d 8/8/2018 |e 2/7/2018 |f 8/8/2018 |g 1 |l STACKS |m P11ALMBINA |n 1 |r Y |s Y |t TESIS |u 9/10/2015 | ||
